000 00546nam a2200193Ia 4500
003 GCL
008 140319s9999 xx 000 0 ara d
040 _aGCL /
_cGCL
082 0 4 _a539
_bع ف
100 1 _aعلى محمد عكاز
245 1 0 _aالفيزياء الحديثة /
_cعلى محمد عكاز
260 _a[S.N] :
_bدار الراتب الجامعية
490 _a
650 0 4 _aالديناميكا
650 0 4 _aالفيزياء
650 0 4 _aالبحوث
650 0 4 _aالفيزياء الذرية
942 _2ddc
_cBK
999 _c53823
_d53823